| 000 | 00953nam a22002897a 4500 | ||
|---|---|---|---|
| 003 | PE SENCICO BE | ||
| 005 | 20251020182623.0 | ||
| 008 | 221221b |||||||| |||| 00| 0 eng d | ||
| 020 | _a84-329-5505-1 | ||
| 040 |
_aPE SENCICO BE _cPE SENCICO BE |
||
| 041 | _aspa | ||
| 082 |
_a749 _bE |
||
| 245 |
_aEstilos del mueble / _cFernando Alvarez Vidorreta, Joaquín Cadena Portal, Juan de Cusa Ramos ...[y otros] |
||
| 250 | _a6a ed. | ||
| 260 |
_aBarcelona: _bEdiciones Ceac, _c1984 |
||
| 300 |
_a456 p. : _bil., fotog. ; _c27 cm. |
||
| 440 | 1 |
_9330 _aBiblioteca básica de decoración |
|
| 650 | 1 | 4 |
_9239 _aMuebles |
| 650 | 2 | 4 |
_9240 _aMuebles clásicos |
| 650 | 2 | 4 |
_9239 _aMuebles _xHistoria |
| 700 | 1 |
_9331 _aAlvarez Vidorreta, Fernando _eautor |
|
| 700 | 1 |
_9332 _aCadena Portal, Joaquin _eautor |
|
| 700 | 1 |
_9333 _aDe Cusa Ramos, Juan _eautor |
|
| 910 |
_bhfp _chfp |
||
| 942 |
_2ddc _cLIB _e1984 _h749 _iE |
||
| 999 |
_c3716 _d3716 |
||